[Event "Quang Ninh IM 2nd"]
[Site "Ha Long"]
[Date "2025.06.10"]
[Round "5"]
[White "Nguyen, Manh Duc"]
[Black "Tran, Ngoc Minh Duy"]
[Result "1-0"]
[WhiteElo "2061"]
[BlackElo "2205"]
[PlyCount "68"]
[EventDate "2025.06.06"]
[EventType "tourn"]
[EventRounds "9"]
[EventCountry "VIE"]
[EventCategory "1"]
[SourceTitle "CB26_2025"]
[SourceDate "2025.06.25"]
[SourceVersion "1"]
[SourceVersionDate "2025.06.25"]
[SourceQuality "1"]

1. e4 c6 2. d4 d5 3. e5 Bf5 4. Nf3 e6 5. Be2 c5 6. c3 Nc6 7. Be3 cxd4 8. cxd4 Nge7 9. Nc3 Bg4 10. 0-0 Nf5 11. h3 Bxf3 12. Bxf3 Be7 13. Bg4 Nxe3 14. fxe3 0-0 15. a3 Qd7 16. Qd3 Rad8 17. Rf2 f6 18. exf6 Bxf6 19. Raf1 Qf7 20. Bd1 Qe7 21. b4 a6 22. Bb3 g6 23. Rf3 Kg7 24. Rg3 Qd6 25. Rgf3 Ne7 26. Ne2 Nf5 27. Rd1 Rd7 28. Kh1 Bd8 29. e4 dxe4 30. Qxe4 Bc7 31. g3 Re7 32. Kg2 Ref7 33. Ra1 Rh8 34. Ng1 Qd8 1-0

[Event "Quang Ninh IM 2nd"]
[Site "Ha Long"]
[Date "2025.06.10"]
[Round "6"]
[White "Nguyen, Vuong Tung Lam"]
[Black "Nguyen, Manh Duc"]
[Result "1-0"]
[WhiteElo "2215"]
[BlackElo "2061"]
[PlyCount "99"]
[EventDate "2025.06.06"]
[EventType "tourn"]
[EventRounds "9"]
[EventCountry "VIE"]
[EventCategory "1"]
[SourceTitle "CB26_2025"]
[SourceDate "2025.06.25"]
[SourceVersion "1"]
[SourceVersionDate "2025.06.25"]
[SourceQuality "1"]

1. c4 c6 2. Nf3 Nf6 3. Nc3 d5 4. e3 a6 5. b3 Bf5 6. Be2 h6 7. Bb2 e6 8. 0-0 Nbd7 9. a3 Be7 10. b4 0-0 11. Rc1 Bh7 12. cxd5 cxd5 13. Qb3 Bd6 14. Na4 Qe7 15. Bxf6 Nxf6 16. d4 Ne4 17. Nc5 a5 18. Rfd1 axb4 19. axb4 b6 20. Na6 Qd7 21. Ne5 Qb7 22. f3 Nf6 23. b5 Rac8 24. Rc6 Ne8 25. Rdc1 Rd8 26. Qc3 f6 27. Nd3 Bxd3 28. Bxd3 f5 29. Rc8 Nf6 30. Rxd8 Rxd8 31. Qc6 Rd7 32. Qxb7 Rxb7 33. Rc6 Ne8 34. e4 fxe4 35. fxe4 Kf7 36. e5 Ba3 37. Kf2 g5 38. Ke3 Ng7 39. g4 h5 40. Kd2 h4 41. Rc8 Be7 42. h3 Ne8 43. Kc3 Rd7 44. Kb2 Ng7 45. Bh7 Ne8 46. Kb3 Ng7 47. Bg8+ Kg6 48. Rc6 Rd8 49. Bxe6 Rf8 50. Bg8+ 1-0

[Event "Quang Ninh IM 2nd"]
[Site "Ha Long"]
[Date "2025.06.06"]
[Round "1"]
[White "Nguyen, Manh Duc"]
[Black "Wynn, Zaw Htung"]
[Result "0-1"]
[WhiteElo "2061"]
[BlackElo "2397"]
[PlyCount "71"]
[EventDate "2025.06.06"]
[EventType "tourn"]
[EventRounds "9"]
[EventCountry "VIE"]
[EventCategory "1"]
[SourceTitle "CB26_2025"]
[SourceDate "2025.06.25"]
[SourceVersion "1"]
[SourceVersionDate "2025.06.25"]
[SourceQuality "1"]

1. e4 c5 2. Nf3 d6 3. d4 cxd4 4. Nxd4 Nf6 5. Nc3 a6 6. a4 e5 7. Nf3 Be7 8. Bg5 Be6 9. Bxf6 Bxf6 10. Nd5 Nd7 11. Bc4 0-0 12. 0-0 Rc8 13. b3 Be7 14. Re1 Nb6 15. Nxe7+ Qxe7 16. Bf1 Bg4 17. a5 Nd7 18. Bc4 Nf6 19. h3 Bxf3 20. Qxf3 Rc5 21. Bd3 Qc7 22. b4 Rc3 23. Qe2 g6 24. Reb1 d5 25. exd5 Nxd5 26. b5 Rc5 27. b6 Qe7 28. Re1 Nc3 29. Qg4 e4 30. Rxe4 Nxe4 31. Qxe4 Re5 32. Qf3 Rc8 33. Qg4 Rcc5 34. Rb1 Kg7 35. g3 Re6 36. h4 0-1

[Event "Titled Tuesday intern op 04th Feb Early"]
[Site "Chess.com INT"]
[Date "2025.02.04"]
[Round "3"]
[White "Nguyen, Manh Duc"]
[Black "Esipenko, Andrey"]
[Result "1/2-1/2"]
[WhiteElo "2052"]
[BlackElo "2695"]
[PlyCount "165"]
[EventDate "2025.02.04"]
[EventType "swiss (blitz)"]
[EventRounds "11"]
[EventCountry "USA"]
[SourceTitle "CB07_2025"]
[SourceDate "2025.02.12"]
[SourceVersion "1"]
[SourceVersionDate "2025.02.12"]
[SourceQuality "1"]

1. e4 e6 2. d4 d5 3. Bd3 dxe4 4. Bxe4 Nf6 5. Bf3 c5 6. Ne2 Be7 7. Be3 0-0 8. dxc5 Qc7 9. 0-0 Rd8 10. Qc1 Bxc5 11. Nbc3 Na6 12. a3 Bd7 13. Ng3 Bd6 14. Rd1 Be5 15. Bd4 Nc5 16. Qe3 Bxd4 17. Rxd4 Rac8 18. Rad1 b6 19. h3 Be8 20. Qd2 Rxd4 21. Qxd4 h6 22. Nge2 Ncd7 23. g3 Ne5 24. Bg2 Bc6 25. Bxc6 Nxc6 26. Qd6 Qb7 27. Nd4 Na5 28. Ncb5 Nc4 29. Qb4 Ne4 30. b3 Ne5 31. Nd6 Nxd6 32. Qxd6 Qe4 33. Kf1 Rc3 34. Re1 Qh1+ 35. Ke2 Qe4+ 36. Kd2 Rd3+ 37. cxd3 Qxd3+ 38. Kc1 Qc3+ 39. Nc2 Nd3+ 40. Kd1 Nxf2+ 41. Kc1 Nd3+ 42. Kd1 Nxe1 43. Nxe1 Qxb3+ 44. Nc2 a5 45. h4 f5 46. Qd8+ Kh7 47. Qc7 b5 48. Qxa5 Qf3+ 49. Kc1 Qxg3 50. Qxb5 f4 51. a4 f3 52. Qd3+ Kg8 53. a5 Qg1+ 54. Kb2 f2 55. Ne3 Qe1 56. a6 Qb4+ 57. Kc2 Qa4+ 58. Kd2 Qa2+ 59. Kd1 Qa1+ 60. Ke2 Qe1+ 61. Kf3 e5 62. a7 e4+ 63. Qxe4 f1Q+ 64. Nxf1 Qxf1+ 65. Kg4 Qg1+ 66. Kf5 Qxa7 67. Qe6+ Qf7+ 68. Qxf7+ Kxf7 69. h5 Ke7 70. Ke5 Kd7 71. Kd5 Ke8 72. Ke6 Kf8 73. Ke5 Ke7 74. Kf5 Kf7 75. Ke5 Kf8 76. Ke6 Kg8 77. Kf5 Kf7 78. Ke5 Ke8 79. Ke6 Kf8 80. Ke5 Kg8 81. Kf5 Kh8 82. Kg6 Kg8 83. Kf5 1/2-1/2

[Event "Titled Tuesday intern op 04th Feb Early"]
[Site "Chess.com INT"]
[Date "2025.02.04"]
[Round "9"]
[White "Nguyen, Manh Duc"]
[Black "Noy, Eyal"]
[Result "1-0"]
[WhiteElo "2052"]
[BlackElo "2301"]
[PlyCount "101"]
[EventDate "2025.02.04"]
[EventType "swiss (blitz)"]
[EventRounds "11"]
[EventCountry "USA"]
[SourceTitle "CB07_2025"]
[SourceDate "2025.02.12"]
[SourceVersion "1"]
[SourceVersionDate "2025.02.12"]
[SourceQuality "1"]

1. e4 e5 2. Nf3 Nc6 3. Bc4 Bc5 4. c3 Nf6 5. d3 0-0 6. 0-0 h6 7. b4 Bb6 8. a4 a6 9. a5 Ba7 10. Be3 d5 11. exd5 Nxd5 12. Bxa7 Rxa7 13. Re1 Re8 14. Qb3 Be6 15. Nxe5 Nxe5 16. Rxe5 c6 17. Nd2 Ra8 18. Rae1 Nc7 19. Bxe6 Rxe6 20. Rxe6 Nxe6 21. d4 Qg5 22. Nf3 Qf5 23. Qb1 Qf6 24. Qe4 Re8 25. Qe5 Qg6 26. h3 Qc2 27. Re3 Rd8 28. Qg3 Kh7 29. Ne5 Kg8 30. h4 Rd6 31. Nxf7 Kxf7 32. Qxd6 Qg6 33. Qd7+ Kg8 34. Qxe6+ Qxe6 35. Rxe6 Kf7 36. Re5 Kf6 37. f4 Kf7 38. h5 Kf6 39. g4 Kf7 40. g5 Kf8 41. gxh6 gxh6 42. Re6 Kg7 43. Rg6+ Kh7 44. f5 Kh8 45. Rxh6+ Kg7 46. Rg6+ Kf7 47. h6 Ke7 48. h7 Kd7 49. h8Q Kc7 50. Rg7+ Kd6 51. Qd8# 1-0

[Event "Wch U14 blitz"]
[Site "Terme Catez"]
[Date "2024.12.16"]
[Round "18"]
[White "Nguyen, Manh Duc"]
[Black "Dotzer, Lukas"]
[Result "1-0"]
[WhiteElo "2023"]
[BlackElo "2303"]
[PlyCount "43"]
[EventDate "2024.12.16"]
[EventType "swiss (blitz)"]
[EventRounds "22"]
[EventCountry "SLO"]
[SourceTitle "CB51_2024"]
[SourceDate "2024.12.18"]
[SourceVersion "1"]
[SourceVersionDate "2024.12.18"]
[SourceQuality "1"]

1. e4 c5 2. Nf3 e6 3. d4 cxd4 4. Nxd4 Nc6 5. Nxc6 bxc6 6. Bd3 Nf6 7. 0-0 d5 8. e5 Nd7 9. Bf4 Be7 10. Nc3 g5 11. Bg3 h5 12. h3 c5 13. Nb5 Qb6 14. Be2 h4 15. Bh2 c4 16. Nd6+ Bxd6 17. exd6 Qxb2 18. Qd2 Qg7 19. Rfe1 Kf8 20. Rab1 Ba6 21. Qa5 Bc8 22. Qd8# 1-0

[Event "Wch U14 rapid"]
[Site "Terme Catez"]
[Date "2024.12.15"]
[Round "7"]
[White "Nguyen, Manh Duc"]
[Black "Shevchenko, Yaroslav"]
[Result "0-1"]
[WhiteElo "2025"]
[BlackElo "2191"]
[PlyCount "79"]
[EventDate "2024.12.14"]
[EventType "swiss (rapid)"]
[EventRounds "11"]
[EventCountry "SLO"]
[SourceTitle "CB51_2024"]
[SourceDate "2024.12.18"]
[SourceVersion "1"]
[SourceVersionDate "2024.12.18"]
[SourceQuality "1"]

1. e4 e6 2. d4 d5 3. e5 c5 4. c3 Nc6 5. Nf3 Qb6 6. a3 Bd7 7. b4 cxd4 8. cxd4 Rc8 9. Be3 Nh6 10. Bd3 Ng4 11. 0-0 Be7 12. Nbd2 Nxe3 13. fxe3 Nb8 14. Qe2 Ba4 15. Rac1 Rxc1 16. Rxc1 0-0 17. Nb1 Bd7 18. Qc2 h6 19. Qb3 Nc6 20. Nc3 Na5 21. Qa2 Nc4 22. Bxc4 dxc4 23. Nd2 Rc8 24. Nce4 Bb5 25. Nc5 a5 26. Nxc4 Bxc4 27. Qxc4 axb4 28. axb4 Bg5 29. Qb3 Qa7 30. Rf1 Qb6 31. Ra1 Be7 32. Qa4 Rd8 33. Rf1 Bg5 34. Kf2 h5 35. Ne4 Bxe3+ 36. Kxe3 Qxd4+ 37. Kf4 g5+ 38. Kxg5 Qxe5+ 39. Kh6 Qxe4 40. Rf6 0-1

[Event "Wch U14 rapid"]
[Site "Terme Catez"]
[Date "2024.12.14"]
[Round "3"]
[White "Dinh, Nho Kiet"]
[Black "Nguyen, Manh Duc"]
[Result "1-0"]
[WhiteElo "2189"]
[BlackElo "2025"]
[PlyCount "151"]
[EventDate "2024.12.14"]
[EventType "swiss (rapid)"]
[EventRounds "11"]
[EventCountry "SLO"]
[SourceTitle "CB51_2024"]
[SourceDate "2024.12.18"]
[SourceVersion "1"]
[SourceVersionDate "2024.12.18"]
[SourceQuality "1"]

1. d4 d5 2. c4 c6 3. Nc3 Nf6 4. Nf3 e6 5. Bg5 Nbd7 6. e3 Qa5 7. cxd5 exd5 8. Nd2 Bb4 9. Qc2 0-0 10. Bd3 Re8 11. 0-0 h6 12. Bh4 Bd6 13. Bg3 Bxg3 14. hxg3 Nf8 15. a3 Qd8 16. b4 Qd6 17. b5 c5 18. dxc5 Qxc5 19. Nb3 Qd6 20. Nd4 Bd7 21. Qb2 Ng6 22. Bxg6 fxg6 23. Rac1 Rec8 24. Nce2 Be8 25. Nf4 Bf7 26. Nd3 Nd7 27. Qb4 Qf6 28. Nc5 Ne5 29. Rc3 b6 30. Nd3 Nxd3 31. Rxd3 Rc4 32. Qb2 Rac8 33. Rd2 g5 34. Nc6 Qxb2 35. Rxb2 Rc7 36. Rd1 Rc5 37. Kh2 Be8 38. Nd4 Bd7 39. a4 Rc4 40. Ra1 Kf7 41. a5 bxa5 42. Rxa5 Rb7 43. Ra6 Rc5 44. Rba2 Rcc7 45. R2a5 Ke8 46. Rd6 Rc5 47. Rda6 Bxb5 48. Rxa7 Rxa7 49. Rxa7 Bd7 50. Nf3 Rc2 51. Ne5 Be6 52. f3 Re2 53. Ra3 Ke7 54. Nc6+ Kf6 55. Nd4 Re1 56. g4 Bd7 57. Kg3 g6 58. Kf2 Rb1 59. Ra6+ Kf7 60. Rd6 Rb2+ 61. Kg3 Bc8 62. Nc6 Ba6 63. Ne5+ Ke7 64. Rxa6 Re2 65. Nxg6+ Kd8 66. Rd6+ Kc7 67. Rxd5 Rxe3 68. Re5 Ra3 69. Re6 Kd8 70. Ne5 Ra1 71. Rxh6 Ke7 72. Rh5 Kf6 73. Nd3 Ra5 74. Nf2 Kg6 75. Ne4 Rb5 76. Rxg5+ 1-0

[Event "Wch U14 rapid"]
[Site "Terme Catez"]
[Date "2024.12.14"]
[Round "5"]
[White "Nguyen, Manh Duc"]
[Black "Katsanis, Vasileios Dimitrios"]
[Result "1-0"]
[WhiteElo "2025"]
[BlackElo "2249"]
[PlyCount "91"]
[EventDate "2024.12.14"]
[EventType "swiss (rapid)"]
[EventRounds "11"]
[EventCountry "SLO"]
[SourceTitle "CB51_2024"]
[SourceDate "2024.12.18"]
[SourceVersion "1"]
[SourceVersionDate "2024.12.18"]
[SourceQuality "1"]

1. e4 e6 2. d4 d5 3. Bd3 dxe4 4. Bxe4 Nf6 5. Bf3 Nbd7 6. Ne2 Bd6 7. Be3 0-0 8. Nbc3 c6 9. Qd2 Qc7 10. 0-0-0 a5 11. g4 a4 12. g5 Nd5 13. Ne4 N7b6 14. Kb1 Rd8 15. N2c3 Nc4 16. Qd3 Ncxe3 17. fxe3 Ra5 18. Rdg1 Nxc3+ 19. Qxc3 Qb6 20. Nxd6 Rxd6 21. h4 Bd7 22. g6 hxg6 23. h5 Be8 24. hxg6 Rf5 25. gxf7+ Bxf7 26. Be4 Rf6 27. Qe1 a3 28. b3 Rd8 29. Qg3 Kf8 30. Qxg7+ Ke7 31. Rf1 Rxf1+ 32. Rxf1 Rf8 33. Bg6 Qb4 34. Rxf7+ Rxf7 35. Qxf7+ Kd8 36. Qf1 b5 37. Qc1 Kc7 38. c3 Qf8 39. Bd3 Qf2 40. Qxa3 Qxe3 41. Qe7+ Kb6 42. Qc5+ Kb7 43. Bc2 Qe2 44. a4 bxa4 45. bxa4 Kc7 46. Qe5+ 1-0

[Event "Asia-ch U12"]
[Site "Al Ain"]
[Date "2023.12.19"]
[Round "7"]
[White "Moskvinov, Prokhor"]
[Black "Nguyen, Manh Duc"]
[Result "1/2-1/2"]
[WhiteElo "1946"]
[BlackElo "2078"]
[PlyCount "121"]
[EventDate "2023.12.14"]
[EventType "swiss"]
[EventRounds "9"]
[EventCountry "UAE"]
[SourceTitle "EXT 2025"]
[Source "ChessBase"]
[SourceDate "2024.10.14"]
[SourceVersion "1"]
[SourceVersionDate "2024.10.14"]
[SourceQuality "1"]

1. Nf3 d5 2. d4 Nf6 3. c4 c6 4. Nc3 e6 5. e3 Nbd7 6. Qc2 Bd6 7. g4 Nxg4 8. Rg1 Nxh2 9. Nxh2 Bxh2 10. Rxg7 Nf8 11. Rg2 Bd6 12. e4 Ng6 13. e5 Be7 14. Bh6 Nh4 15. Rg4 Nf5 16. Qd2 Qa5 17. Bg5 Rg8 18. Be2 Bd7 19. Bxe7 Rxg4 20. Bxg4 Nxe7 21. Qg5 Ng6 22. 0-0-0 Qd8 23. Qh6 Qe7 24. cxd5 exd5 25. Bxd7+ Qxd7 26. Qg5 Qe7 27. Qf5 Qe6 28. Qg5 Qe7 29. Qf5 Qe6 30. Qg5 h6 31. Qxh6 0-0-0 32. Ne2 Qf5 33. Qe3 Rh8 34. Ng3 Qg4 35. Rg1 Rh3 36. Kd2 Rh2 37. Rh1 Rxh1 38. Nxh1 Qg1 39. Qe1 Qxe1+ 40. Kxe1 c5 41. dxc5 Nxe5 42. Kd2 Kc7 43. f4 Ng6 44. Ke3 Kc6 45. b4 a5 46. a3 axb4 47. axb4 Kb5 48. f5 Ne7 49. Kd4 Kxb4 50. Ng3 f6 51. Nh5 Kb5 52. Nxf6 Kc6 53. Ke5 Kxc5 54. Ke6 Nxf5 55. Kxf5 Kc4 56. Kf4 d4 57. Ne4 b6 58. Nd6+ Kd5 59. Nb5 Kc4 60. Nd6+ Kc5 61. Ke4 1/2-1/2

[Event "Asia-ch U12"]
[Site "Al Ain"]
[Date "2023.12.16"]
[Round "3"]
[White "Bokhodirov, Abdulkodir"]
[Black "Nguyen, Manh Duc"]
[Result "0-1"]
[WhiteElo "1643"]
[BlackElo "2078"]
[PlyCount "156"]
[EventDate "2023.12.14"]
[EventType "swiss"]
[EventRounds "9"]
[EventCountry "UAE"]
[SourceTitle "EXT 2025"]
[Source "ChessBase"]
[SourceDate "2024.10.14"]
[SourceVersion "1"]
[SourceVersionDate "2024.10.14"]
[SourceQuality "1"]

1. b3 d5 2. Bb2 Nf6 3. Nf3 Bf5 4. e3 h6 5. d4 e6 6. Bd3 Bxd3 7. Qxd3 Nbd7 8. 0-0 Be7 9. Nbd2 0-0 10. c4 c6 11. Rfe1 Qa5 12. a3 Rfd8 13. Qc3 Qxc3 14. Bxc3 Bd6 15. c5 Bc7 16. b4 Re8 17. a4 e5 18. Reb1 exd4 19. Bxd4 Nh7 20. Nb3 Nhf8 21. Bc3 Ne6 22. Nfd4 Be5 23. Nxe6 Bxc3 24. Nc7 Bxa1 25. Rxa1 Rac8 26. Nxe8 Rxe8 27. Na5 Rb8 28. Rb1 Kf8 29. Kf1 Ke8 30. Ke2 Kd8 31. Rc1 Kc7 32. Nb3 Re8 33. Nd4 g6 34. f4 Nf6 35. h3 h5 36. Rc2 Ne4 37. Kf3 a6 38. g3 Kd7 39. Kg2 Kc8 40. Nf3 Nf6 41. Rc3 Re4 42. Nd4 Nd7 43. Kf3 Nf8 44. Rd3 Kc7 45. Kf2 Nd7 46. Kf3 a5 47. bxa5 Nxc5 48. Ra3 Kd6 49. g4 hxg4+ 50. hxg4 Re8 51. Nb3 Nxb3 52. Rxb3 Kc7 53. Rb4 Ra8 54. e4 Rxa5 55. e5 c5 56. Rb5 Rxb5 57. axb5 Kd7 58. f5 gxf5 59. gxf5 Ke7 60. Ke3 b6 61. Kd3 Kf8 62. Ke3 Kg7 63. Kf4 c4 64. Ke3 c3 65. Ke2 Kh6 66. Kd3 d4 67. e6 fxe6 68. fxe6 Kg6 69. Kxd4 c2 70. Kd5 c1Q 71. Kd6 Kf6 72. Kd7 Qc5 73. e7 Qxe7+ 74. Kc6 Qc5+ 75. Kb7 Ke7 76. Ka6 Kd7 77. Kb7 Qxb5 78. Ka7 Kc7 0-1

[Event "Wch U12"]
[Site "Sharm El Sheikh"]
[Date "2023.10.26"]
[Round "11"]
[White "Negrean, Andrei"]
[Black "Nguyen, Manh Duc"]
[Result "1/2-1/2"]
[WhiteElo "2003"]
[BlackElo "1907"]
[PlyCount "115"]
[EventDate "2023.10.16"]
[EventType "swiss"]
[EventRounds "11"]
[EventCountry "EGY"]
[SourceTitle "EXT 2025"]
[Source "ChessBase"]
[SourceDate "2024.10.14"]
[SourceVersion "1"]
[SourceVersionDate "2024.10.14"]
[SourceQuality "1"]

1. d4 d5 2. c4 c6 3. Nf3 Nf6 4. e3 e6 5. Nbd2 Nbd7 6. Bd3 Be7 7. 0-0 0-0 8. e4 dxe4 9. Nxe4 Nxe4 10. Bxe4 c5 11. Be3 Nf6 12. Bc2 Qc7 13. Qe2 Rd8 14. Rad1 cxd4 15. Bxd4 Bd7 16. Ne5 Rac8 17. Rd3 Bc6 18. Nxc6 Qxc6 19. b3 b6 20. Rfd1 h6 21. Be5 Rxd3 22. Qxd3 Rd8 23. Qe2 Rxd1+ 24. Qxd1 Nd7 25. Bb2 Bf6 26. Bc1 Nc5 27. h3 Nb7 28. Qd3 Nc5 29. Qh7+ Kf8 30. Qh8+ Ke7 31. Qb8 Qb7 32. Qxb7+ Nxb7 33. Kf1 Kd7 34. Ke2 Be7 35. Bd2 a5 36. g3 Bc5 37. h4 Nd8 38. Bc3 f6 39. Be4 Nf7 40. g4 Ke7 41. f3 g5 42. h5 Nd6 43. Bg6 Nb7 44. Kd3 Bd6 45. Kc2 Nc5 46. a3 Nd7 47. b4 axb4 48. axb4 Be5 49. Bd2 Bd4 50. f4 e5 51. fxg5 fxg5 52. Bf5 Nf6 53. Kd3 Kd6 54. Bc1 Bf2 55. Ke2 Bg1 56. Kf3 Bd4 57. Bd2 Bg1 58. Bc1 1/2-1/2

[Event "Wch U12"]
[Site "Sharm El Sheikh"]
[Date "2023.10.25"]
[Round "10"]
[White "Nguyen, Manh Duc"]
[Black "Botiraliev, Abdumajid"]
[Result "1-0"]
[WhiteElo "1907"]
[BlackElo "2083"]
[PlyCount "181"]
[EventDate "2023.10.16"]
[EventType "swiss"]
[EventRounds "11"]
[EventCountry "EGY"]
[SourceTitle "EXT 2025"]
[Source "ChessBase"]
[SourceDate "2024.10.14"]
[SourceVersion "1"]
[SourceVersionDate "2024.10.14"]
[SourceQuality "1"]

1. e4 e5 2. Nf3 Nc6 3. Bc4 Nf6 4. d3 Be7 5. 0-0 d6 6. a4 0-0 7. c3 Kh8 8. Re1 Ng8 9. d4 f5 10. exf5 e4 11. Nfd2 d5 12. Ba2 Bxf5 13. Nf1 Bg6 14. Be3 Nf6 15. Nbd2 Bd6 16. Ng3 Qd7 17. Ndf1 Nd8 18. h3 Ne6 19. Qd2 c6 20. Bb3 Rf7 21. Bd1 Raf8 22. b4 Qc7 23. Ra2 Nf4 24. Bxf4 Bxf4 25. Qb2 e3 26. Nxe3 Bxg3 27. fxg3 Ne4 28. Nf1 Rf2 29. Qxf2 Nxf2 30. Rxf2 Rxf2 31. Kxf2 a5 32. bxa5 Qxa5 33. Re3 Qb6 34. Nd2 Qb2 35. Ke1 h6 36. g4 Qc1 37. Ke2 Kh7 38. Nb3 Qb2+ 39. Nd2 b6 40. Ke1 Bc2 41. Bxc2+ Qxc2 42. Ke2 Qxa4 43. Nf3 c5 44. dxc5 Qc2+ 45. Kf1 bxc5 46. Ne1 Qa4 47. Nf3 Qd1+ 48. Ne1 Kg6 49. Rd3 Qb3 50. Rf3 Qc4+ 51. Kf2 Kh7 52. Rd3 Kg8 53. Rf3 g6 54. Re3 Kf7 55. Nf3 Kf6 56. Kg3 Qf1 57. h4 g5 58. hxg5+ hxg5 59. Kh2 Qc1 60. Rd3 Qf4+ 61. Kh3 Ke6 62. Rd1 Kd6 63. Re1 Qf6 64. Re3 Qf4 65. Re1 Qc4 66. Re3 Qb3 67. Nxg5 d4 68. Rf3 Qc2 69. cxd4 cxd4 70. Rf2 d3 71. Kg3 Kd5 72. Nf3 Qc7+ 73. Kh3 Ke4 74. Ne1 Qh7+ 75. Kg3 Qh1 76. Rf4+ Kd5 77. Nxd3 Qh6 78. Rf3 Ke4 79. Nf2+ Ke5 80. Nh3 Qg7 81. g5 Ke4 82. Rf4+ Ke5 83. Rf6 Ke4 84. Kh4 Qh7+ 85. Rh6 Qg7 86. g3 Kf5 87. Rf6+ Ke5 88. Nf4 Qh7+ 89. Kg4 Qg8 90. Re6+ Kd4 91. g6 1-0

[Event "Wch U12"]
[Site "Sharm El Sheikh"]
[Date "2023.10.19"]
[Round "4"]
[White "Dau, Khuong Duy"]
[Black "Nguyen, Manh Duc"]
[Result "1-0"]
[WhiteElo "2277"]
[BlackElo "1907"]
[PlyCount "93"]
[EventDate "2023.10.16"]
[EventType "swiss"]
[EventRounds "11"]
[EventCountry "EGY"]
[SourceTitle "EXT 2025"]
[Source "ChessBase"]
[SourceDate "2024.10.14"]
[SourceVersion "1"]
[SourceVersionDate "2024.10.14"]
[SourceQuality "1"]

1. e4 e5 2. Nf3 Nc6 3. Bb5 a6 4. Ba4 Nf6 5. 0-0 Be7 6. d3 b5 7. Bb3 0-0 8. c3 d6 9. a4 Bd7 10. Re1 Na5 11. Ba2 bxa4 12. Nbd2 c5 13. Bb1 Qc7 14. Bc2 c4 15. dxc4 Nxc4 16. Bxa4 Nxd2 17. Nxd2 Rfb8 18. Bxd7 Nxd7 19. Nf1 Qc6 20. Ne3 Nf6 21. Qa4 Qb7 22. Nf5 Bf8 23. Bg5 Nd7 24. b4 h6 25. Bh4 Rc8 26. Rac1 g6 27. Ne3 Nb6 28. Qc2 a5 29. Qd3 Qd7 30. f3 h5 31. Rb1 Qc7 32. Bf2 axb4 33. cxb4 Bh6 34. b5 Ra2 35. Ra1 Rxa1 36. Rxa1 Qb7 37. Nd5 Na4 38. b6 Kg7 39. g3 Ra8 40. Qd1 Nb2 41. Qb1 Na4 42. Qb4 Nxb6 43. Rxa8 Qxa8 44. Qxb6 Qa3 45. Kg2 Bd2 46. Qd8 Qa2 47. Qxd6 1-0